000 00549nam a22001817a 4500
003 OSt
005 20241014115713.0
008 230705s2018 spa||||| |||| 00| 1 spa d
020 _a9789877253740
040 _bspa
_cbesoc
100 1 _aKing, Stephen
_d(1947-)
_eautor
245 1 0 _aCementerio de animales /
_cStephen King ; traducción de Ana Ma. de la Fuente
250 _a1a ed.
260 _aBuenos Aires :
_bDebolsillo,
_c2023
300 _a480 p.
650 4 _aLiteratura norteamericana
_vNovelas
_xTerror
_ySiglo XX
_ySiglo XXI
942 _2udc
_cOG
_n0
999 _c358
_d358